Language Quiz

Random Language or Letter Quiz

Triple Double Letter Words Quiz Stats

Quiz Updated Nov 9, 2016

Challenge
Share
Tweet
Embed
Score 0/24 Timer 08:00
2 Plays Today
Clue Triple Double % Correct
This US State has its capital at Jackson and shares it name with a riverMississippi
87.3%
This is the 'Volunteer State' and is home to the NFL's TitansTennessee
80.8%
A person who loves candy and sugar is said to have one of these (2 wds.)sweet tooth
80.7%

This city is the capital of the state of Florida
Tallahassee
79.5%
This extinct elephant has been discovered frozen in ice (2 wds.)woolly mammoth
66.8%
This term for a mirror is what Alice went through in the sequel (2 wds.)looking glass
65.1%
This begins 'Four score and seven years ago, our fathers...' (2 wds.)Gettysburg Address
63.5%
A person who records the accounts or transactions of a businessbookkeeper
57.6%
A group of legislators, led by a chair, tasked with creating legislationcommittee
53.2%
Comedy team famous for movies and 'Who's on first?' (3 wds.)Abbott and Costello
52%
This avian ovoid is a term used for the zero in a sports score (2 wds.)goose egg
50.7%
This is the group of people just below the wealthiest in a society (3 wds.)upper middle class
42.7%
Clue Triple Double % Correct
This dog breed was used for Eddie on the TV show 'Frasier' (3 wds.)Jack Russell terrier
36.5%
This actor became famous as Stifler in the 'American Pie' films (3 wds.)Seann William Scott
25.5%
Pounding tool whose head has one side that's hemispherical (2 wds., hyph.)ball-peen hammer
25.4%
River from Georgia to Florida immortalized by Alan Jackson in songChattahoochee
23.3%
Gizmo used to grind the beans for your morning cup of java (2 wds.)coffee mill
20.8%
Shakespearean comedy featuring Bertram and Helena (5 wds.)All's Well That Ends Well
20.3%
This North American bird's loud call gives it its name (hyph.)whip-poor-will
14.2%
In a manner that leads to favorable outcomes, money or eminencesuccessfully
12.7%
A person who fights and screams slurs at a soccer game (2 wds.)football hooligan
11.7%
A ranch-like salad dressing that gets its name and color from herbs (2 wds.)green goddess
11.4%
Montana's state flower whose name hides its underground tastinessbitterroot
10.6%
A state of being bleak, dismal and completely without joycheerlessness
2.4%

You're not logged in!

Compare scores with friends on all Sporcle quizzes.
Sign Up with Email
OR
Log In

You Might Also Like...

Show Comments

Extras

Top Quizzes Today


Score Distribution

Your Account Isn't Verified!

In order to create a playlist on Sporcle, you need to verify the email address you used during registration. Go to your Sporcle Settings to finish the process.

Report this User

Report this user for behavior that violates our Community Guidelines.

Details: